000 00821nam a22002777a 4500
003 CHAP
005 20220817041540.0
008 971013s1959 r 00010 d
010 _a17695
011 _a18667
035 _a22752
040 _cCHAP
082 _a338.1
_bB53
100 0 0 _aBlack, John Donald.
_912984
245 _aEconomics for agriculture
260 _aCambridge :
_bHarvard University Press,
_c1959
300 _a719 p.
_b: ilus.
590 _aBATCH-UPD
_b10
_c20130110
_lUCH01
_h1929
590 _aBATCH-UPD
_b10
_c20130410
_lUCH01
_h1253
590 _aBATCH-UPD
_b10
_c20130914
_lUCH01
_h0725
590 _aCONVERSION
_b10
_c20130109
_lUCH01
_h1311
650 1 4 _aAgricultura
_xAspectos económicos.
901 _aBK
942 _cLIBRO
949 _a338.1 B53
_bBC
_cLIBRO
_d33724000356747
_eLIBRO
_i22752
_si
999 _c17695
_d17695